Código del Trabajo legislación conexa, concordancias, jurisprudencia 2016 (Registro nro. 2076)
[ vista simple ]
| 000 -LEADER | |
|---|---|
| fixed length control field | 01432nam a22002057a 4500 |
| 003 - CONTROL NUMBER IDENTIFIER | |
| control field | OSt |
| 005 - DATE AND TIME OF LATEST TRANSACTION | |
| control field | 20260421090027.0 |
| 008 - FIXED-LENGTH DATA ELEMENTS--GENERAL INFORMATION | |
| fixed length control field | 260421b |||||||| |||| 00| 0 SPA d |
| 020 ## - INTERNATIONAL STANDARD BOOK NUMBER | |
| International Standard Book Number | 9978862862 |
| 082 ## - DEWEY DECIMAL CLASSIFICATION NUMBER | |
| Edition number | 9978862862 |
| 100 ## - MAIN ENTRY--PERSONAL NAME | |
| Personal name | Asamblea Nacional del Ecuador |
| 245 ## - TITLE STATEMENT | |
| Title | Código del Trabajo legislación conexa, concordancias, jurisprudencia 2016 |
| 250 ## - EDITION STATEMENT | |
| Edition statement | 18va edición |
| 260 ## - PUBLICATION, DISTRIBUTION, ETC. | |
| Place of publication, distribution, etc. | ECUADOR |
| Name of publisher, distributor, etc. | Corporación de Estudios y Publicaciones |
| Date of publication, distribution, etc. | 2016 |
| 300 ## - PHYSICAL DESCRIPTION | |
| Extent | 810 pág |
| Dimensions | 20.5 cm x 14.5 cm |
| 490 ## - SERIES STATEMENT | |
| Materials specified | Cartulina de alto gramaje |
| 520 ## - SUMMARY, ETC. | |
| Summary, etc. | Esta edición compila el conjunto de normas que regulan el vínculo jurídico entre empleadores y trabajadores en Ecuador. Su propósito principal es garantizar la protección de los derechos laborales y establecer las obligaciones de ambas partes para asegurar la justicia social. Al incluir concordancias y jurisprudencia, facilita a los abogados y estudiantes la interpretación técnica de cada artículo. Además, integra las reformas críticas de 2016 sobre el seguro de desempleo y la optimización de la jornada. Sirve como una guía práctica para resolver conflictos legales mediante criterios judiciales actualizados. En esencia, busca proporcionar seguridad jurídica en el entorno productivo del país. Finalmente, actúa como el referente oficial para la consulta de leyes laborales conexas. |
| 700 ## - ADDED ENTRY--PERSONAL NAME | |
| Personal name | Asamblea Nacional del Ecuador |
| 942 ## - ADDED ENTRY ELEMENTS (KOHA) | |
| Source of classification or shelving scheme | Dewey Decimal Classification |
| Koha item type | Acceso Libre |
| Suppress in OPAC | No |
| Withdrawn status | Lost status | Source of classification or shelving scheme | Damaged status | Not for loan | Collection | Home library | Current library | Shelving location | Date acquired | Source of acquisition | Coded location qualifier | Inventory number | Total checkouts | Full call number | Barcode | Date last seen | Copy number | Price effective from | Koha item type |
|---|---|---|---|---|---|---|---|---|---|---|---|---|---|---|---|---|---|---|---|
| Dewey Decimal Classification | Estantería D Fila 4 | Biblioteca Stanford | Biblioteca Stanford | Biblioteca Abierta | 21.04.2026 | LEYES | 0341 | 0341 | LECTURA | BIBLIO0341 | 21.04.2026 | 1 | 21.04.2026 | Acceso Libre |